00773nam a2200253 a 4500001001300000003000900013005001700022008004100039020001000080082001600090100002800106245005400134260003200188300000900220500003500229505002700264650002600291650003000317700002800347902000800375942000700383952011600390999001300506nice12345678IN_TiNIC20260116011344.0050524s0000 laha grp 000 0 urd  ac10000a297.8bTHA1 aThaneri, Mohammad Jafar aSawaneh Ahmadib Biography of Syed Ahmed Barailvi aLahorebIslamia Pressc0000 a247p aincludes index and biblioraphy2 aPlus Some Other Tracts aIslam-Biography-Ulama aIslam-Sects-Sunni-Barelvi1 aThaneri, Mohammad Jafar bSRS cBK 001040708StackRoom-aHMIbHMId2007-06-27g100.00l0o297.8 THA1p04150r2007-06-27v100.00w2005-05-24yBK c800d800